|
|
|
|
| LEADER |
00000nam a2200000Ii 4500 |
| 001 |
DIGMARGE0058 |
| 003 |
NyNyDIG |
| 008 |
230428s2005 sp a o 000 0 spa d |
| 006 |
m o d |
| 007 |
cr ||||||||||| |
| 035 |
|
|
|a (OCoLC)1379446278
|
| 040 |
|
|
|a DGITA
|b eng
|e rda
|e pn
|c DGITA
|
| 020 |
|
|
|a 9788416171538
|q eBook
|
| 020 |
|
|
|z 9788486684334
|
| 050 |
1 |
4 |
|a TD194 ebook
|
| 100 |
1 |
|
|a Suris, José Ma.
|q (José María),
|e author.
|
| 245 |
1 |
0 |
|a Gestión medioambiental en la industria :
|b claves para hacer sostenible y rentable la gestión medioambiental en la industria /
|c Josep Ma. Suris.
|
| 264 |
|
1 |
|a Barcelona (España) :
|b Marge Books,
|c [2005]
|
| 300 |
|
|
|a 1 online resource :
|b illustrations.
|
| 336 |
|
|
|a text
|b txt
|2 rdacontent
|
| 337 |
|
|
|a computer
|b c
|2 rdamedia
|
| 338 |
|
|
|a online resource
|b cr
|2 rdacarrier
|
| 347 |
|
|
|a text file
|2 rdaft
|
| 347 |
|
|
|b PDF
|
| 490 |
1 |
|
|a Colección Gestiona
|
| 588 |
0 |
|
|a Online resource; title from PDF title page (Digitalia, viewed April 28, 2023)
|
| 650 |
|
0 |
|a Industries
|x Environmental aspects.
|
| 650 |
|
0 |
|a Environmental management.
|
| 791 |
2 |
|
|a Digitalia (Firm),
|e distributor.
|
| 793 |
0 |
|
|g Digitalia eBook Collection:
|a Marge Books
|
| 776 |
0 |
8 |
|i Print version:
|a Suris, José Ma. (José María)
|t Gestión medioambiental en la industria.
|b 1a edición.
|d Barcelona (España) : Marge Books, [2005]
|z 9788486684334
|
| 830 |
|
0 |
|a Gestiona.
|
| 856 |
4 |
0 |
|3 Digitalia Hispánica
|u https://www.digitaliapublishing.com/a/125926/
|
| 910 |
|
|
|a Premium collection: 2023
|